000 00351nam a22001577a 4500
003 OSt
005 20240516145652.0
008 210707s2011 xx 000 0 und d
040 _cAL
041 _aeng
082 _a052 ALIS
100 _aALIS
_9164885
245 _aAnnals of Library and Information Studies
260 _c2011
942 _2ddc
_cBK
999 _c179768
_d179768